| 000 | 02483nam a2200385 a 4500 | ||
|---|---|---|---|
| 001 | ebr10687781 | ||
| 003 | CaPaEBR | ||
| 006 | m u | ||
| 007 | cr cn||||||||| | ||
| 008 | 130111s2013 nyua sb 001 0 eng d | ||
| 010 | _z 2012048207 | ||
| 020 | _z9781624176180 (hbk.) | ||
| 020 | _z9781624176289 (e-book) | ||
| 040 |
_aCaPaEBR _cCaPaEBR |
||
| 035 | _a(OCoLC)846947709 | ||
| 050 | 1 | 4 |
_aHM1211 _b.C76 2013eb |
| 082 | 0 | 4 |
_a303.48/2 _223 |
| 245 | 0 | 0 |
_aCross-cultural interaction and understanding _h[electronic resource] : _btheory, practice, and reality / _cYuma Iannotti Tomes, editor. |
| 260 |
_aHauppauge, N.Y. : _bNova Science Publishers, Inc., _c2013. |
||
| 300 |
_a276 p. : _bill. (some col.). |
||
| 490 | 1 | _aSocial issues, justice and status | |
| 490 | 1 | _aFocus on civilizations and cultures | |
| 504 | _aIncludes bibliographical references and index. | ||
| 505 | 0 | _aPreface -- Cross-cultural interaction & understanding : theory -- At a defining moment : cross-cultural interaction and understanding -- Understanding cultural appropriateness -- Crossing the dsm-iv-tr with culture -- Cross-cultural interaction & understanding : practice -- The African American perspective to cross-cultural interaction and understanding -- The Asian American perspective to cross-cultural interaction and understanding -- The Latino/Hispanic perspective to cross-cultural interaction and understanding -- The bi/multi-ethnic perspective to cross-cultural interaction and understanding -- The sexual minority perspective to cross-cultural interaction and understanding -- The religious/spiritualist perspective to cross-cultural interaction and understanding -- The socio-economic status perspective to cross-cultural interaction and understanding -- Cross-cultural interaction & understanding: reality -- Alien experiences -- Index. | |
| 533 |
_aElectronic reproduction. _bPalo Alto, Calif. : _cebrary, _d2013. _nAvailable via World Wide Web. _nAccess may be limited to ebrary affiliated libraries. |
||
| 650 | 0 | _aIntercultural communication. | |
| 650 | 0 | _aCultural pluralism. | |
| 650 | 0 | _aSocial interaction. | |
| 655 | 7 |
_aElectronic books. _2local |
|
| 700 | 1 | _aIannotti Tomes, Yuma. | |
| 710 | 2 | _aebrary, Inc. | |
| 830 | 0 | _aSocial issues, justice and status series. | |
| 830 | 0 | _aFocus on civilizations and cultures. | |
| 856 | 4 | 0 |
_uhttp://site.ebrary.com/lib/rucke/Doc?id=10687781 _zAn electronic book accessible through the World Wide Web; click to view |
| 999 |
_c12043 _d12043 |
||